FC Bayern Rückennummerhistorie #16 - Statistiken

Allgemein
  • Dieses Quiz wurde 6 mal gespielt
  • Das Durchschnittsergebnis liegt bei 21 aus 42
Antwortstatistiken
Jahre Antwort % Korrekt
1993/94 Bruno Labbadia
83%
1992/93 Lothar Matthäus
83%
1993-96 Alexander Zickler
67%
1990/91 Brian Laudrup
67%
1998-2006 Jens Jeremies
67%
1986/87; 1984/85 Ludwig Kögl
67%
1994-96 Marcel Witeczek
67%
1991/92 Markus Babbel
67%
1989/90 Radmilo Mihajlovic
67%
1994/95; 1990/91 Sven Scheuer
67%
1993/94 Adolfo Valencia
50%
1994/95 Alain Sutter
50%
1994/95 Dieter Frey
50%
1995-1998 Dietmar Hamann
50%
1995/96 Emil Kostadinov
50%
1988/89 Erland Johnsen
50%
1992/93 Gerald Hillringhaus
50%
2014-2016 Gianluca Gaudino
50%
1988/89 Helmut Winklhofer
50%
1994-96 Jean-Pierre Papin
50%
2024/25 Joao Palhinha
50%
1989/90 Manfred Schwabl
50%
1994/95 Mazinho
50%
1994/95; 1990-92 Michael Sternkopf
50%
1990/91 Roland Grahammer
50%
1989/90 Thomas Kastenmaier
50%
1994/95 Uwe Gospodarek
50%
2007-2011 Andreas Ottl
33%
1977/78 Anton Schrobenhauser
33%
1988/89 Bodo Schmidt
33%
1995/96 Frank Gerster
33%
1985/86 Frank Hartmann
33%
1981/82 Günter Güttler
33%
1983/84 Hans-Werner Meisel
33%
1974/75 Hugo Robl
33%
1986/87 Lars Lunde
33%
2019/20 Leon Dajaku
33%
1017/18 Meritan Shabani
33%
1995/96 Thomas Strunz
33%
1991/92 Toni Schumacher
33%
1990/91 Ulf Kliche
33%
1988/89 Uli Bayerschmidt
33%
Keine übereinstimmenden Quizze gefunden
Verteilung der Resultate
Anzahl Personen mit jedem Resultat
Perzentil nach korrekt beantworteten Fragen
Ihre Resultats-Entwicklung
Sie haben dieses Quiz noch nicht gespielt